000 00327nam a2200133 4500
005 20260530113903.0
100 1 _aFrancisco javier López Morales
_932496
245 1 0 _aHereditas
264 1 _bINAH
_c2011
300 _a80 páginas
336 _atexto
_2rdacontent
337 _asin medio
_2rdamedia
338 _avolumen
_2rdacarrier
999 _c11844
_d11844